NLSUI OPAC header image

Seizure and survey under income tax law : Under income tax law (Record no. 12888)

MARC details
000 -LEADER
fixed length control field 02242nam a2200229Ia 4500
003 - CONTROL NUMBER IDENTIFIER
control field OSt
005 - DATE AND TIME OF LATEST TRANSACTION
control field 20210406164644.0
008 - FIXED-LENGTH DATA ELEMENTS--GENERAL INFORMATION
fixed length control field 160316s2014 xxu||||| |||| 00| 0 eng d
020 ## - INTERNATIONAL STANDARD BOOK NUMBER
International Standard Book Number 9788193663189
040 ## - CATALOGING SOURCE
Transcribing agency n
082 ## - DEWEY DECIMAL CLASSIFICATION NUMBER
Classification number 345.052200
Item number KHA
100 ## - MAIN ENTRY--PERSONAL NAME
Personal name Kharbanda S R
245 ## - TITLE STATEMENT
Title Seizure and survey under income tax law : Under income tax law
250 ## - EDITION STATEMENT
Edition statement 7th
260 ## - PUBLICATION, DISTRIBUTION, ETC.
Place of publication, distribution, etc. Delhi
Name of publisher, distributor, etc. Commercial Law Publishers ( India) Pvt. Ltd.
Date of publication, distribution, etc. 2014
300 ## - PHYSICAL DESCRIPTION
Extent 1055p
Other physical details 486p*
365 ## - TRADE PRICE
Price amount Rs.1,395
505 ## - FORMATTED CONTENTS NOTE
Formatted contents note Contents of the Book :<br/>Historical Background;<br/>Validity of the Power of Search and Seizure;<br/>"Reason to Belive" and Search Procedures;<br/>Deemed Seizure and Restraint Order;<br/>Recording of Statement During Search Operation : Section 132(4).;<br/>Presumption about Books or Assets Seized;<br/>Appropriation of Assets Retained : Section 132B;<br/>Retention of Seized Books After Search;<br/>Requisition of Books, Documents or Assets, ETC - Section 132A;<br/>Special Assessment Procedure on or After 1-7-1995 But Before 1st June 2003;<br/>Amended Assessment and Recovery Procedure on or After 1-1-1997 but Before 31-5-2003;<br/>Special Procedure for Block Assessment of Search Cases under Chapter XIVB;<br/>Limitation for Completion of Assessment under Chapter XIVB- Setion 158BE;<br/>Residuary Procedure For Block Assessment under Chapter XIV - B;<br/>Present Assessment Procedure W.E.F. 1-6-2003 Sectuibs 153A, 153B, 153C and 153D;<br/>Penalties Leviable in Search and Survey Cases;<br/>Application to Settlement Commission in Search Cases;<br/>Survey; <br/>Power to Call For Information : Section 133;<br/>Power of Survey : Section 133A;<br/>Power to Collect Certain Information : Sections 133B, 133C, 134 and 135;<br/>Internal Survey - Additional measures for Collecting information - Sections 285BA and 206A;<br/>Discovery, Production of Evidences, ETC : Section 131;<br/>Prosecution Relating to search and Survey Cases;<br/>A Critical Appreciation of search and Seizure Provisions;<br/>A Critical Look at survey Provisions and Annual Information Returns under Section 285BA;<br/>Appeal to Commissioner (Appeals);<br/>Appeal to Appellate Tribunal;<br/>Appeal to High Court/Supreme Court And Apppeal By revenue
650 ## - SUBJECT ADDED ENTRY--TOPICAL TERM
Topical term or geographic name entry element 1.Income Tax Law - Search - Seizure
700 ## - ADDED ENTRY--PERSONAL NAME
Personal name
--
942 ## - ADDED ENTRY ELEMENTS (KOHA)
Source of classification or shelving scheme Dewey Decimal Classification
Koha item type BOOKs
Holdings
Withdrawn status Lost status Damaged status Not for loan Home library Current library Shelving location Date acquired Cost, normal purchase price Total Checkouts Full call number Barcode Date last seen Price effective from Koha item type
        NLS NLS   30/05/2017 1395.00   345.0522 KHA 31559 30/05/2017 30/05/2017 BOOKs